Statistics for World Leaders of the World Wars

Click here to take the quiz!

General Stats

  • This quiz has been taken 30,238 times
    (29,239 since last reset)
  • The average score is 14 of 28

Answer Stats

PositionYearsAnswer% Correct
German Führer1934-1945Adolf Hitler
98%
British P.M.1940-1945Winston Churchill
94%
U.S. President1933-1945Franklin Roosevelt
93%
Soviet Leader1924-1953Joseph Stalin
93%
Italian Duce1925-1943Benito Mussolini
88%
Soviet Leader1922-1924Vladimir Lenin
86%
U.S. President1945-1953Harry Truman
83%
U.S. President1913-1921Woodrow Wilson
73%
Japanese Emperor1926-1989Hirohito
71%
German Emperor1888-1918Kaiser Wilhelm II
68%
Russian Emperor1894-1917Czar Nicholas II
67%
Free French Leader1940-1944Charles de Gaulle
65%
British P.M.1937-1940Neville Chamberlain
63%
Spanish Caudillo1939-1975Francisco Franco
58%
Turkish President1923-1938Mustafa Kemal Atatürk
45%
British P.M.1916-1922David Lloyd George
31%
Ethiopian Emperor1930-1974Haile Selassie
30%
Japanese P.M.1941-1944Hideki Tōjō
30%
Vichy Chief of State1940-1944Philippe Pétain
28%
Austrian Emperor1848-1916Franz Joseph I
27%
Austrian Emperor1916-1918Charles I
18%
French P.M.1917-1920Georges Clemenceau
16%
British P.M.1908-1916Herbert H. Asquith
15%
Finnish President1944-1946Carl Gustaf Emil
Mannerheim
11%
Canadian P.M.1935-1948Mackenzie King
11%
Ottoman
Grand Vizier
1917-1918Mehmed Talât Pasha
9%
French President1913-1920Raymond Poincaré
7%
Australian P.M.1939-1941Robert Menzies
7%

Score Distribution

Percentile by Number Answered

Percent of People with Each Score

Your Score History

You have not taken this quiz since the last reset